[Event "GER-ch54 V02 email"]
[Site "GER email"]
[Date "2022.05.01"]
[Round "?"]
[White "Achilles, Edgar"]
[Black "Schmidt, Theo"]
[Result "1/2-1/2"]
[WhiteElo "2256"]
[BlackElo "2160"]
[PlyCount "90"]
[EventDate "2022.05.01"]
[EventType "tourn (corr)"]
[EventRounds "10"]
[EventCountry "GER"]
[SourceTitle "Corr 2024"]
[Source "ChessBase"]
[SourceDate "2023.10.19"]
[SourceVersion "1"]
[SourceVersionDate "2023.10.19"]
[SourceQuality "1"]

1. e4 c5 2. Nf3 d6 3. d4 cxd4 4. Nxd4 Nf6 5. Nc3 a6 6. Be3 e5 7. Nb3 Be6 8. f3 h5 9. Qd2 Nbd7 10. Nd5 Bxd5 11. exd5 g6 12. 0-0-0 Nb6 13. Kb1 Nfxd5 14. Bf2 Nf6 15. Bh4 Be7 16. Bxf6 Bxf6 17. Qxd6 Qxd6 18. Rxd6 Bd8 19. Rd1 f5 20. Na5 Rb8 21. Rd6 Bc7 22. Rxg6 Kf7 23. Rg5 Nd5 24. Nb3 Ne3 25. Bd3 h4 26. Rxf5+ Nxf5 27. Bxf5 Rbd8 28. a4 b5 29. a5 Rdg8 30. Bh3 Rh6 31. Re1 Rd8 32. Bg4 Rhd6 33. Kc1 e4 34. fxe4 Rf6 35. g3 hxg3 36. hxg3 Bxg3 37. Rh1 Rf4 38. Bf5 Rh4 39. Rf1 Rdh8 40. Kb1 Rh1 41. Rxh1 Rxh1+ 42. Ka2 Rh6 43. Bc8 Bc7 44. Ka3 Ke7 45. Ka2 Bf4 1/2-1/2

[Event "Reinstorf op"]
[Site "Reinstorf"]
[Date "2022.02.05"]
[Round "8"]
[White "Pohle, Saskia"]
[Black "Schmidt, Theo"]
[Result "1-0"]
[WhiteElo "1824"]
[BlackElo "1997"]
[PlyCount "65"]
[EventDate "2022.01.29"]
[EventType "swiss"]
[EventRounds "9"]
[EventCountry "GER"]
[SourceTitle "CBM 206 Extra"]
[Source "ChessBase"]
[SourceDate "2022.03.31"]
[SourceVersion "1"]
[SourceVersionDate "2022.03.31"]
[SourceQuality "1"]

1. e4 c5 2. Nf3 Nc6 3. d4 cxd4 4. Nxd4 Nf6 5. Nc3 e5 6. Ndb5 d6 7. Bg5 a6 8. Na3 b5 9. Nd5 Be7 10. Bxf6 gxf6 11. c4 Qa5+ 12. Qd2 b4 13. Nc2 Rb8 14. b3 f5 15. Nxe7 Kxe7 16. Qg5+ Ke8 17. exf5 Ne7 18. Qf6 Rg8 19. Qxd6 Rb7 20. f6 Nf5 21. Qc6+ Kd8 22. Be2 Rd7 23. Qe4 Rg5 24. Rd1 Rxd1+ 25. Bxd1 Kc7 26. Bf3 Qc5 27. 0-0 Nd6 28. Qxh7 Bf5 29. Qh4 Rg6 30. Ne3 Bd3 31. Nd5+ Kd7 32. Rd1 Bf5 33. Ne7 1-0

[Event "Reinstorf Blitz op"]
[Site "Reinstorf"]
[Date "2022.02.04"]
[Round "7"]
[White "Schmidt, Theo"]
[Black "Chitsazian, Daniel"]
[Result "0-1"]
[WhiteElo "1997"]
[BlackElo "1594"]
[PlyCount "62"]
[EventDate "2022.01.29"]
[EventType "swiss (blitz)"]
[EventRounds "9"]
[EventCountry "GER"]
[SourceTitle "CBM 206 Extra"]
[Source "ChessBase"]
[SourceDate "2022.03.31"]
[SourceVersion "1"]
[SourceVersionDate "2022.03.31"]
[SourceQuality "1"]

1. d4 f5 2. Bg5 g6 3. Qd2 Bg7 4. Nc3 d6 5. h4 h6 6. Bf4 Nf6 7. f3 Nc6 8. 0-0-0 Nh5 9. Be3 e5 10. dxe5 dxe5 11. Qxd8+ Nxd8 12. g4 Ng3 13. Rh2 Nxf1 14. Rxf1 c6 15. gxf5 gxf5 16. Rg2 Kf7 17. Bd2 Bf6 18. h5 f4 19. Ne4 Be7 20. Bc3 Ne6 21. Bxe5 Rd8 22. Rg6 Bf8 23. e3 fxe3 24. f4 Nd4 25. Nf3 Nxf3 26. Rxf3 e2 27. Rg1 Bg4 28. Re3 Bxh5 29. Nc3 Bc5 30. Rg7+ Kf8 31. Rgg3 Rd1+ 0-1

[Event "Reinstorf Blitz op"]
[Site "Reinstorf"]
[Date "2022.02.04"]
[Round "5"]
[White "Schmidt, Theo"]
[Black "Hommer, Jeremy"]
[Result "0-1"]
[WhiteElo "1997"]
[BlackElo "2220"]
[PlyCount "98"]
[EventDate "2022.01.29"]
[EventType "swiss (blitz)"]
[EventRounds "9"]
[EventCountry "GER"]
[SourceTitle "CBM 206 Extra"]
[Source "ChessBase"]
[SourceDate "2022.03.31"]
[SourceVersion "1"]
[SourceVersionDate "2022.03.31"]
[SourceQuality "1"]

1. d4 e6 2. c4 Nf6 3. Nf3 b6 4. g3 Bb7 5. Bg2 Be7 6. 0-0 0-0 7. Nc3 Ne4 8. Qc2 Nxc3 9. Qxc3 d6 10. Re1 Nd7 11. e4 c5 12. d5 e5 13. Be3 Bc8 14. Qd2 h6 15. h4 Nf6 16. Nh2 Ng4 17. Nxg4 Bxg4 18. f3 Bd7 19. Rf1 f5 20. f4 Bf6 21. Rae1 exf4 22. Bxf4 Bd4+ 23. Kh1 Qf6 24. b3 Bc3 25. Qe3 Bxe1 26. Rxe1 Rae8 27. e5 dxe5 28. Bxe5 Qg6 29. Qc3 Qg4 30. Kh2 Rf7 31. Bh3 Qh5 32. d6 Bc6 33. Bg2 Bxg2 34. Kxg2 Rd7 35. Qd3 Qf7 36. Qe3 Kh7 37. Qf4 Rxd6 38. Rf1 Rde6 39. Ba1 Re2+ 40. Kh3 Qg6 41. Qxf5 Qxf5+ 42. Rxf5 R8e7 43. a4 R2e3 44. a5 Rxb3 45. axb6 axb6 46. Rd5 Rb4 47. Rd6 Rb7 48. Be5 Rxc4 49. Rc6 b5 0-1

[Event "Reinstorf Blitz op"]
[Site "Reinstorf"]
[Date "2022.02.04"]
[Round "8"]
[White "Semling, Julius"]
[Black "Schmidt, Theo"]
[Result "1/2-1/2"]
[WhiteElo "1515"]
[BlackElo "1997"]
[PlyCount "83"]
[EventDate "2022.01.29"]
[EventType "swiss (blitz)"]
[EventRounds "9"]
[EventCountry "GER"]
[SourceTitle "CBM 206 Extra"]
[Source "ChessBase"]
[SourceDate "2022.03.31"]
[SourceVersion "1"]
[SourceVersionDate "2022.03.31"]
[SourceQuality "1"]

1. d4 Nf6 2. Nc3 d5 3. Bf4 c6 4. e3 e6 5. Bd3 Bd6 6. Nge2 b6 7. 0-0 0-0 8. a3 Bb7 9. b4 a5 10. b5 c5 11. dxc5 bxc5 12. Bxd6 Qxd6 13. Ng3 Nbd7 14. Nb1 c4 15. Be2 Nc5 16. Nd2 Rfd8 17. c3 a4 18. Qc2 Nb3 19. Nxb3 axb3 20. Qb2 Qc5 21. a4 Ra5 22. Ra3 Rda8 23. Rfa1 Qd6 24. Bf3 g6 25. Ne2 e5 26. g3 Qb6 27. Bg2 Qa7 28. f4 e4 29. f5 Rxa4 30. Rxa4 Qxa4 31. Rxa4 Rxa4 32. Nc1 Ng4 33. Qd2 Ne5 34. fxg6 hxg6 35. Qb2 Nd3 36. Nxd3 exd3 37. Qf2 Ra2 38. Qf4 b2 39. Qb8+ Kh7 40. Qxb7 b1Q+ 41. Bf1 Ra1 42. Qxf7+ 1/2-1/2

[Event "Reinstorf op"]
[Site "Reinstorf"]
[Date "2022.02.01"]
[Round "4"]
[White "Fernandez Garcia, Alfonso Javier"]
[Black "Schmidt, Theo"]
[Result "1/2-1/2"]
[WhiteElo "1619"]
[BlackElo "1997"]
[PlyCount "41"]
[EventDate "2022.01.29"]
[EventType "swiss"]
[EventRounds "9"]
[EventCountry "GER"]
[SourceTitle "CBM 206 Extra"]
[Source "ChessBase"]
[SourceDate "2022.03.31"]
[SourceVersion "1"]
[SourceVersionDate "2022.03.31"]
[SourceQuality "1"]

1. e4 c5 2. Nf3 d6 3. Bd3 Nc6 4. c3 g6 5. 0-0 Bg7 6. Re1 e5 7. Bc2 Nge7 8. d3 0-0 9. Bg5 f6 10. Be3 Be6 11. Nbd2 b6 12. Nf1 d5 13. d4 c4 14. Ng3 Qd7 15. Qe2 f5 16. exf5 gxf5 17. Nh5 f4 18. Nxg7 Kxg7 19. Bd2 e4 20. Ng5 Ng6 21. Qh5 1/2-1/2